Personnage de Mario Kart par image #2 - Statistiques

Statistiques générales
  • Ce quiz a été pris 179 fois
    166 depuis la dernière actualisation
  • Le résultat moyen est 15 sur 21
Statistiques - réponses
Par images Réponse % Correct
Bébé Luigi
98%
Bébé Mario
98%
Bébé Peach
98%
Bébé Daisy
96%
Bébé Rosalina
94%
Link
90%
Mii
89%
Mario de Métal
86%
Bowser Skelet
79%
Lakitou
76%
Marie
76%
Habitant
71%
Peach d'Or Rose
65%
Habitante
64%
Morton
64%
Wendy
63%
Iggy
59%
Roy
58%
Fille Inkling
51%
Garçon Inkling
51%
Mario Tanooki
15%
Aucun quiz correspondant
Distribution des résultats
% des personnes avec chaque résultat
Percentile par nombre de réponses
Votre historique - résultats
Vous n’avez pas pris ce quiz depuis la dernière actualisation